General Knowledge 9 - Statistics

General Stats
  • This quiz has been taken 52 times
  • The average score is 8 of 10
Answer Stats
No. Question Answer % Correct
1 What is the currency of Japan? Yen
100%
6 How many gold medals did Michael Phelps win in the 2008 Olympics? 8
86%
9 What is the main ingredient in chocolate? Cocoa
84%
2 Who wrote the Declaration of Independence? Thomas Jefferson
84%
10 Which rapper is known as "Slim Shady"? Eminem
80%
3 Which part of the atom has a positive charge? Proton
74%
4 Who wrote "Pride and Prejudice"? Jane Austen
70%
7 What is the name of the lead singer of Coldplay? Chris Martin
66%
5 What is the name of Harry Potter's pet owl? Hedwig
66%
8 What is the most widely used programming language in the world? Python
48%
No matching quizzes found
Score Distribution
Percent of People with Each Score
Percentile by Number Answered
Your Score History
You have not taken this quiz